| 000 | 01297nam a2200265 i 4500 | ||
|---|---|---|---|
| 001 | 47851 | ||
| 003 | ES-MaACL | ||
| 005 | 20260408135655.0 | ||
| 007 | t| | ||
| 008 | 030605s1920 sp |||| | spa d | ||
| 080 | _a821.134.2 Cervantes Saavedra, Miguel de 7 Quijote.06 | ||
| 100 | 1 |
_aMenéndez Pidal, Ramón, _d1869-1968 _980315 |
|
| 245 | 1 | 3 |
_aUn aspecto en la elaboración del "Quijote" _b: discurso leído en la inauguración del curso de 1920-1921 / _cpor Ramón Menéndez Pidal, presidente del Ateneo, el día 1 de diciembre de 1920. |
| 260 |
_a[Madrid : _bAteneo Científico, Literario y Artístico de Madrid, _c1920] ( _fJiménez y Molina) |
||
| 300 |
_a32 p. ; _c24 cm. |
||
| 530 | _aDisponible en formato digital. | ||
| 597 | _aEjemp. incompleto: faltan p. 33-54. | ||
| 600 | 1 | 4 |
_aCervantes Saavedra, Miguel de, _d1547-1616. _tDon Quijote de la Mancha- _xCrítica e interpretación _937618 |
| 610 | 2 | 7 |
_aAteneo de Madrid- _vDiscursos de apertura- _yS.XX. _91913 |
| 710 | 2 |
_aAteneo de Madrid. _91875 |
|
| 852 |
_aES-MaACL _j1599-F-7 _949655 _cDEPOF _eFaltan paginas. 33-54 _zRevisado enlace: 31 de Marzo de 2025 |
||
| 856 | 4 |
_uhttp://bibliotecadigital.jcyl.es/i18n/consulta/registro.cmd?id=23155 _yBiblioteca Digital de Castilla y León |
|
| 942 | _2udc | ||
| 999 |
_c47851 _d47851 |
||